| 000 | 00600nam a2200229Ia 4500 | ||
|---|---|---|---|
| 003 | OSt | ||
| 005 | 20250708095658.0 | ||
| 008 | 210210b2006 xxu||||| |||| 00| 0 eng d | ||
| 020 | _a81 8356 105 5 | ||
| 040 |
_aAL _c |
||
| 041 | _aEnglish | ||
| 082 | _a574.028 YADB | ||
| 100 |
_a P R Yadav _932688 |
||
| 245 | _aBiological techniques | ||
| 260 |
_aNew Delhi _bDiscovery Publishing House _c2006 |
||
| 300 | _a312 | ||
| 650 |
_aFixative Embedding Microtomy Staining Microscope _932689 |
||
| 690 |
_aBiology _932690 |
||
| 700 |
_aTyagi, Rajiv _9216437 |
||
| 906 | _a061427 | ||
| 942 |
_2ddc _cBK |
||
| 999 |
_c108529 _d108529 |
||